[Event "Santo Domingo Independencia op 8th"]
[Site "Santo Domingo"]
[Date "2019.02.24"]
[Round "8"]
[White "Zorrilla Jimenez, Wilber Edwin"]
[Black "Jaquez, Juan Manuel"]
[Result "1/2-1/2"]
[WhiteElo "2059"]
[BlackElo "2223"]
[PlyCount "118"]
[EventDate "2019.02.15"]
[EventType "swiss"]
[EventRounds "8"]
[EventCountry "DOM"]
[SourceTitle "CBM 189 Extra"]
[Source "ChessBase"]
[SourceDate "2019.06.03"]
[SourceVersion "1"]
[SourceVersionDate "2019.06.03"]
[SourceQuality "1"]

1. e4 e6 2. Nc3 d5 3. d4 Nf6 4. e5 Nfd7 5. Nce2 c5 6. c3 Nc6 7. Nf3 cxd4 8. cxd4 f6 9. Nf4 Bb4+ 10. Bd2 fxe5 11. Bxb4 Nxb4 12. Nxe6 Qa5 13. Nd2 Kf7 14. Ng5+ Kf6 15. h4 e4 16. a3 Nc6 17. Qg4 Nd8 18. Qh5 g6 19. Qh6 Nf8 20. 0-0-0 Bf5 21. g4 Bxg4 22. Ndxe4+ dxe4 23. Nxe4+ Ke7 24. Qg7+ Nf7 25. Qf6+ Ke8 26. Bc4 Qc7 27. Nc5 Ne6 28. Bxe6 Bxe6 29. Qxe6+ Kf8 30. Qd5 Qc6 31. Qxc6 bxc6 32. Rhe1 Kg7 33. Re7 Rhe8 34. Rde1 Rxe7 35. Rxe7 Kf6 36. Rc7 Nh6 37. Rxh7 Nf5 38. Nb3 a5 39. Rc7 Ne7 40. Nd2 Ke6 41. Rb7 Rh8 42. Nf3 Nf5 43. Rb6 Kd5 44. Ra6 Ke4 45. Ne5 Rxh4 46. Nxg6 Rh1+ 47. Kd2 Nxd4 48. Ne7 Rh2 49. Nxc6 Rxf2+ 50. Ke1 Rf6 51. Nb4 Rf5 52. Na2 Rh5 53. Kd2 Rh2+ 54. Kc1 Kd3 55. Kb1 Rh1+ 56. Nc1+ Kd2 57. Rxa5 Rxc1+ 58. Ka2 Kd3 59. Rh5 Rg1 1/2-1/2

[Event "Santo Domingo Duarte Memorial 8th"]
[Site "Santo Domingo"]
[Date "2019.01.20"]
[Round "4"]
[White "Jaquez, Juan Manuel"]
[Black "Taveras Veras, Felix Miguel"]
[Result "1-0"]
[WhiteElo "2218"]
[BlackElo "1700"]
[PlyCount "51"]
[EventDate "2019.01.18"]
[EventType "swiss"]
[EventRounds "8"]
[EventCountry "DOM"]
[SourceTitle "CBM 188 Extra"]
[Source "ChessBase"]
[SourceDate "2019.02.26"]
[SourceVersion "1"]
[SourceVersionDate "2019.02.26"]
[SourceQuality "1"]

1. e4 e6 2. d4 d5 3. Nd2 dxe4 4. Nxe4 Nf6 5. Nxf6+ Qxf6 6. Nf3 h6 7. Bd3 Bd6 8. Qe2 0-0 9. h4 Nc6 10. c3 Bd7 11. Bg5 hxg5 12. hxg5 Qe7 13. Bh7+ Kh8 14. Ne5 Qxg5 15. Bg6+ Kg8 16. Bxf7+ Rxf7 17. Rh8+ Kxh8 18. Nxf7+ Kg8 19. Nxg5 Bf4 20. Qh5 Bxg5 21. Qxg5 Rf8 22. Qg3 e5 23. d5 Nb8 24. 0-0-0 Na6 25. Re1 Re8 26. Rxe5 1-0

[Event "DOM-ch"]
[Site "Santo Domingo"]
[Date "2018.04.21"]
[Round "3"]
[White "Rodriguez Pena, Carlos Moises"]
[Black "Jaquez, Juan Manuel"]
[Result "1-0"]
[WhiteElo "2000"]
[BlackElo "2141"]
[PlyCount "81"]
[EventDate "2018.04.20"]
[EventType "swiss"]
[EventRounds "11"]
[EventCountry "DOM"]
[SourceTitle "CBM 184 Extra"]
[Source "ChessBase"]
[SourceDate "2018.06.28"]
[SourceVersion "1"]
[SourceVersionDate "2018.06.28"]
[SourceQuality "1"]

1. e4 e6 2. d4 d5 3. Nc3 Bb4 4. e5 c5 5. a3 Bxc3+ 6. bxc3 Ne7 7. Nf3 Qa5 8. Bd2 c4 9. g3 Nbc6 10. Bg2 Bd7 11. Qb1 Qc7 12. 0-0 0-0 13. Re1 b6 14. a4 f6 15. exf6 Rxf6 16. Bf4 Qc8 17. Be5 Rf8 18. Bd6 Rf7 19. Qc1 h6 20. Bxe7 Rxe7 21. Ne5 Nxe5 22. Rxe5 Qf8 23. Qe3 Rae8 24. a5 b5 25. Re1 Rf7 26. f4 Kh7 27. Bxd5 Qa3 28. Be4+ g6 29. d5 Qxa5 30. dxe6 Rxe6 31. Rxe6 Bxe6 32. Bxg6+ Kxg6 33. Qxe6+ Kg7 34. Qe5+ Kh7 35. Qe4+ Kg7 36. Qd4+ Kh7 37. Qe4+ Kg7 38. Qd4+ Kh7 39. Re6 Qc7 40. Qe4+ Kg7 41. Qg6+ 1-0

[Event "Santo Domingo Guzman Cup"]
[Site "Santo Domingo"]
[Date "2017.10.27"]
[Round "5"]
[White "Jaquez, Juan Manuel"]
[Black "Contreras Rodriguez, Felipe"]
[Result "1-0"]
[WhiteElo "2186"]
[BlackElo "1908"]
[PlyCount "97"]
[EventDate "2017.10.20"]
[EventType "swiss"]
[EventRounds "8"]
[EventCountry "DOM"]
[SourceTitle "CBM 181 Extra"]
[Source "ChessBase"]
[SourceDate "2017.12.12"]
[SourceVersion "1"]
[SourceVersionDate "2017.12.12"]
[SourceQuality "1"]

1. e4 c5 2. Nf3 a6 3. d4 cxd4 4. Nxd4 b5 5. Nc3 Bb7 6. Be3 e6 7. Bd3 Qc7 8. a3 Nf6 9. 0-0 Be7 10. f4 Bc5 11. e5 Qb6 12. Be2 Nc6 13. exf6 Nxd4 14. Kh1 Nxe2 15. Bxc5 Qxc5 16. fxg7 Rg8 17. Qxe2 Rxg7 18. Rf2 0-0-0 19. Raf1 Rdg8 20. Ne4 Qc6 21. Ng3 f5 22. Rd1 Rg4 23. Rg1 Qc7 24. Qd2 Qd8 25. Rd1 Bc6 26. Rg1 Qh4 27. Nf1 R8g6 28. Qe3 Kb7 29. Rf3 Bxf3 30. Qxf3+ d5 31. g3 Rg7 32. Ne3 R4g6 33. Nxf5 Qf6 34. Nxg7 Rxg7 35. c3 Kc6 36. Re1 Qf5 37. Qe3 Rg6 38. Qa7 Rh6 39. Qxa6+ Kc7 40. Qxb5 Qg4 41. Qc5+ Kd7 42. Qf2 Rg6 43. Kg2 h5 44. Qf3 Qf5 45. Re5 Qc2+ 46. Qe2 Qxe2+ 47. Rxe2 h4 48. Kh3 hxg3 49. hxg3 1-0

[Event "Santo Domingo Guzman Cup"]
[Site "Santo Domingo"]
[Date "2017.10.21"]
[Round "3"]
[White "Rodriguez Pena, Carlos Moises"]
[Black "Jaquez, Juan Manuel"]
[Result "1-0"]
[WhiteElo "1923"]
[BlackElo "2186"]
[PlyCount "91"]
[EventDate "2017.10.20"]
[EventType "swiss"]
[EventRounds "8"]
[EventCountry "DOM"]
[SourceTitle "CBM 181 Extra"]
[Source "ChessBase"]
[SourceDate "2017.12.12"]
[SourceVersion "1"]
[SourceVersionDate "2017.12.12"]
[SourceQuality "1"]

1. e4 e6 2. d4 d5 3. Bd3 dxe4 4. Bxe4 Nf6 5. Bd3 Bd7 6. Nf3 Bc6 7. 0-0 Be7 8. Re1 0-0 9. Ne5 Be8 10. Re3 g6 11. c3 Nd5 12. Rh3 Bg5 13. Bxg5 Qxg5 14. Nd2 Qe7 15. Qf3 f6 16. Ng4 h5 17. Ne3 c6 18. Nxd5 cxd5 19. Re1 Nc6 20. g4 hxg4 21. Qxg4 e5 22. Bxg6 Bxg6 23. Qxg6+ Qg7 24. Qxg7+ Kxg7 25. Nf3 Rae8 26. dxe5 fxe5 27. Rd1 Rd8 28. Kg2 Rf5 29. Nh4 Rf4 30. Rg3+ Kf6 31. Rf3 Kg5 32. Rxf4 Kxf4 33. Rd3 e4 34. Rg3 Rd7 35. Rg8 Rh7 36. Rf8+ Kg5 37. Nf5 Ne5 38. Nd4 Ng4 39. h3 Nf6 40. a4 Nh5 41. Rf5+ Kg6 42. h4 Nf6 43. Rg5+ Kf7 44. Kg3 a6 45. Nf5 Ke6 46. Kf4 1-0

[Event "Santo Domingo op"]
[Site "Santo Domingo"]
[Date "2017.04.09"]
[Round "7"]
[White "Jaquez, Juan Manuel"]
[Black "Araujo Sanchez, Josue"]
[Result "0-1"]
[WhiteElo "2225"]
[BlackElo "2028"]
[PlyCount "88"]
[EventDate "2017.04.01"]
[EventType "swiss"]
[EventRounds "7"]
[EventCountry "DOM"]
[SourceTitle "CBM 177 Extra"]
[Source "ChessBase"]
[SourceDate "2017.04.27"]
[SourceVersion "1"]
[SourceVersionDate "2017.04.27"]
[SourceQuality "1"]

1. e4 c5 2. Nf3 Nc6 3. d4 cxd4 4. Nxd4 Qb6 5. Nb3 Nf6 6. Nc3 e6 7. Be3 Qc7 8. Be2 Bb4 9. f3 d5 10. Bd2 a6 11. exd5 exd5 12. Bg5 Be6 13. a3 Be7 14. Qd2 0-0-0 15. Bf4 Bd6 16. Bxd6 Rxd6 17. Nd4 Qb6 18. 0-0-0 Rhd8 19. Rhe1 Kb8 20. Bf1 Qc7 21. g4 Rc8 22. Nce2 Ne5 23. b3 Rb6 24. Qe3 Qd6 25. Kd2 Bxg4 26. Ng3 Re8 27. Qf2 Bd7 28. Ra1 Ng6 29. Rxe8+ Nxe8 30. Nge2 Nc7 31. a4 Qc5 32. c3 Rxb3 33. Qe3 Rb2+ 34. Kc1 Rb6 35. Ng3 Re6 36. Qd2 Re8 37. Bd3 Ne5 38. Be2 Nc4 39. Bxc4 Qxc4 40. Kb2 Ne6 41. Ngf5 Nxd4 42. Nxd4 Bxa4 43. Qf4+ Ka8 44. Qxf7 Re2+ 0-1

[Event "Havana Fernandez Memorial 10th"]
[Site "Havana"]
[Date "2017.03.23"]
[Round "8"]
[White "Jaquez, Juan Manuel"]
[Black "Coto Mederos, Michel"]
[Result "0-1"]
[WhiteElo "2256"]
[BlackElo "2385"]
[PlyCount "70"]
[EventDate "2017.03.15"]
[EventType "tourn"]
[EventRounds "9"]
[EventCountry "CUB"]
[EventCategory "4"]
[SourceTitle "CBM 177 Extra"]
[Source "ChessBase"]
[SourceDate "2017.04.27"]
[SourceVersion "1"]
[SourceVersionDate "2017.04.27"]
[SourceQuality "1"]

1. e4 e5 2. Nf3 Nc6 3. Bb5 a6 4. Ba4 Nf6 5. 0-0 b5 6. Bb3 Bc5 7. c3 d6 8. d4 Bb6 9. Bd5 Nxd5 10. exd5 Ne7 11. Re1 f6 12. b3 0-0 13. h3 Nxd5 14. c4 Ne7 15. Ba3 b4 16. Bxb4 exd4 17. Nbd2 c5 18. Ba3 Ng6 19. b4 Qc7 20. Nb3 Bb7 21. Nfd2 Nf4 22. bxc5 dxc5 23. Ne4 Nxg2 24. Nexc5 Nxe1 25. Nxb7 Qxb7 26. Qxe1 Rfe8 27. Qb4 Rab8 28. c5 Bc7 29. Qxb7 Rxb7 30. Kf1 Rd8 31. Nd2 d3 32. Nc4 Rd4 33. Nd6 Bxd6 34. cxd6 d2 35. Rd1 Rb1 0-1

[Event "Havana Fernandez Memorial 10th"]
[Site "Havana"]
[Date "2017.03.22"]
[Round "7"]
[White "Cifuentes, John Jairo"]
[Black "Jaquez, Juan Manuel"]
[Result "0-1"]
[WhiteElo "2264"]
[BlackElo "2256"]
[PlyCount "96"]
[EventDate "2017.03.15"]
[EventType "tourn"]
[EventRounds "9"]
[EventCountry "CUB"]
[EventCategory "4"]
[SourceTitle "CBM 177 Extra"]
[Source "ChessBase"]
[SourceDate "2017.04.27"]
[SourceVersion "1"]
[SourceVersionDate "2017.04.27"]
[SourceQuality "1"]

1. e4 e6 2. d4 d5 3. Nc3 Nf6 4. Bg5 Bb4 5. e5 h6 6. Bd2 Bxc3 7. Bxc3 Ne4 8. Bd3 Nxc3 9. bxc3 c5 10. Qg4 0-0 11. dxc5 Nd7 12. Nf3 Qc7 13. 0-0 Nxe5 14. Nxe5 Qxe5 15. Qd4 Qc7 16. c4 dxc4 17. Qxc4 Bd7 18. Qe4 g6 19. Qe3 Kg7 20. Rab1 Bc6 21. Rb4 Rad8 22. Rh4 Rh8 23. Re1 Qe7 24. Rg4 Rd5 25. h4 h5 26. Rg5 Rhd8 27. f4 Rxg5 28. hxg5 Rd5 29. c4 Rxc5 30. Qd4+ Kg8 31. Re2 b6 32. g4 hxg4 33. Rh2 e5 34. Re2 Ra5 35. Rxe5 Rxe5 36. Qxe5 Qxe5 37. fxe5 Kf8 38. e6 fxe6 39. Bxg6 g3 40. a3 Bf3 41. a4 e5 42. a5 e4 43. axb6 axb6 44. Bf5 e3 45. Bd3 e2 46. Bxe2 Bxe2 47. Kg2 Bxc4 48. Kxg3 b5 0-1

[Event "Havana Fernandez Memorial 10th"]
[Site "Havana"]
[Date "2017.03.21"]
[Round "6"]
[White "Jaquez, Juan Manuel"]
[Black "Notkevich, Benjamin Arvola"]
[Result "0-1"]
[WhiteElo "2256"]
[BlackElo "2323"]
[PlyCount "148"]
[EventDate "2017.03.15"]
[EventType "tourn"]
[EventRounds "9"]
[EventCountry "CUB"]
[EventCategory "4"]
[SourceTitle "CBM 177 Extra"]
[Source "ChessBase"]
[SourceDate "2017.04.27"]
[SourceVersion "1"]
[SourceVersionDate "2017.04.27"]
[SourceQuality "1"]

1. e4 c5 2. Nf3 d6 3. d4 Nf6 4. Nc3 cxd4 5. Nxd4 a6 6. Bg5 e6 7. f4 Qb6 8. Nb3 Be7 9. Qf3 Nbd7 10. 0-0-0 Qc7 11. g4 b5 12. Bd3 b4 13. Ne2 Bb7 14. Bxf6 Nxf6 15. g5 Nd7 16. Rhg1 Rc8 17. Kb1 a5 18. Nbd4 a4 19. f5 Ne5 20. Bb5+ Bc6 21. Bxc6+ Qxc6 22. Qg2 Qc4 23. fxe6 0-0 24. Qh3 Bd8 25. Rd2 Bb6 26. Rgd1 Bc5 27. b3 axb3 28. cxb3 Qa6 29. Nf4 Bxd4 30. Rxd4 Qc6 31. Qg2 fxe6 32. Nxe6 Rf3 33. Qd2 Rc3 34. Rxd6 Qxe4+ 35. Ka1 Nf7 36. Ra6 Rc2 37. Qf4 Qxf4 38. Nxf4 Nxg5 39. Nd5 Rb8 40. h4 Nf3 41. Ra7 Nxh4 42. Nxb4 Rg2 43. Nc6 Re8 44. b4 Nf5 45. b5 Ne3 46. Rd8 Rxd8 47. Nxd8 Nd5 48. Ra3 h5 49. Rb3 Nb6 50. Ne6 h4 51. Rh3 Na4 52. Kb1 Kf7 53. Nd4 g5 54. Ra3 Nb6 55. Ra7+ Kg8 56. Ra6 h3 57. Rxb6 h2 58. Rh6 Rg1+ 59. Kb2 h1Q 60. Rxh1 Rxh1 61. b6 Rh6 62. a4 Rxb6+ 63. Kc3 g4 64. a5 Rd6 65. Ne2 Kf7 66. Kb4 Ke6 67. Kb5 Rd2 68. Ng3 Kd5 69. Kb6 Rb2+ 70. Kc7 Rb3 71. Nh5 Ra3 72. Kb6 Kd6 73. a6 Rb3+ 74. Ka7 Kc6 0-1

[Event "Havana Fernandez Memorial 10th"]
[Site "Havana"]
[Date "2017.03.20"]
[Round "5"]
[White "Cruz de la Osa, Reider"]
[Black "Jaquez, Juan Manuel"]
[Result "1-0"]
[WhiteElo "2263"]
[BlackElo "2256"]
[PlyCount "111"]
[EventDate "2017.03.15"]
[EventType "tourn"]
[EventRounds "9"]
[EventCountry "CUB"]
[EventCategory "4"]
[SourceTitle "CBM 177 Extra"]
[Source "ChessBase"]
[SourceDate "2017.04.27"]
[SourceVersion "1"]
[SourceVersionDate "2017.04.27"]
[SourceQuality "1"]

1. d4 Nf6 2. Bg5 c5 3. d5 d6 4. Nc3 e6 5. e4 a6 6. a4 Be7 7. Nf3 h6 8. Bd2 0-0 9. Be2 exd5 10. exd5 Nbd7 11. 0-0 Rb8 12. Bf4 Re8 13. Re1 Bf8 14. Bf1 Rxe1 15. Qxe1 Nb6 16. Qd1 Bd7 17. h3 Na8 18. a5 Nc7 19. Bc4 Bb5 20. Nd2 g6 21. Qf3 Bg7 22. g4 Qd7 23. Rd1 Nce8 24. Qd3 Nc7 25. Qg3 Rd8 26. Qg2 Qe7 27. Qh2 Nfe8 28. Be3 Kh7 29. Qf4 Qf8 30. Nf3 Rd7 31. g5 h5 32. Bxb5 axb5 33. Bc1 Qh8 34. Qe3 Qf8 35. Ne4 Qe7 36. Qf4 Kg8 37. c3 Kf8 38. b3 Be5 39. Qh4 Ng7 40. Nf6 Rd8 41. Nh7+ Kg8 42. Nf6+ Kh8 43. Nxe5 Qxe5 44. Qf4 Qxf4 45. Bxf4 Nf5 46. b4 Na6 47. bxc5 Nxc5 48. Rb1 Kg7 49. Rxb5 Kf8 50. Bc1 Ke7 51. Ba3 Rb8 52. Bxc5 dxc5 53. Rxc5 Kd6 54. Rb5 Rc8 55. Rxb7 Rxc3 56. Ne4+ 1-0

[Event "Havana Fernandez Memorial 10th"]
[Site "Havana"]
[Date "2017.03.18"]
[Round "4"]
[White "Jaquez, Juan Manuel"]
[Black "Abreu Jean, Carlos Paul"]
[Result "0-1"]
[WhiteElo "2256"]
[BlackElo "2292"]
[PlyCount "90"]
[EventDate "2017.03.15"]
[EventType "tourn"]
[EventRounds "9"]
[EventCountry "CUB"]
[EventCategory "4"]
[SourceTitle "CBM 177 Extra"]
[Source "ChessBase"]
[SourceDate "2017.04.27"]
[SourceVersion "1"]
[SourceVersionDate "2017.04.27"]
[SourceQuality "1"]

1. e4 c5 2. Nf3 e6 3. d4 cxd4 4. Nxd4 a6 5. c4 Nf6 6. Nc3 Qc7 7. Be2 b6 8. Be3 Bb7 9. f3 d6 10. Rc1 Nbd7 11. Qd2 Be7 12. 0-0 0-0 13. Rfd1 Rfe8 14. Bf1 Rac8 15. Nb3 Qb8 16. Qf2 Bd8 17. Rd2 Bc7 18. g3 Ne5 19. Rcd1 h5 20. Bf4 Nfd7 21. Bxe5 Nxe5 22. Qe2 Qa7 23. Kh1 Bb8 24. Rd4 Ba8 25. f4 Ng4 26. Bg2 Qc7 27. h3 Nf6 28. Rxd6 h4 29. e5 Bxg2+ 30. Qxg2 Nh5 31. Ne4 Qxc4 32. R6d4 Qc6 33. gxh4 g6 34. Rc1 Qb5 35. Rcd1 Kg7 36. Qg5 Qe2 37. Nf6 Qf3+ 38. Kg1 Qe3+ 39. Kh2 Qf2+ 40. Qg2 Qxg2+ 41. Kxg2 Nxf6 42. exf6+ Kxf6 43. R1d2 Rh8 44. Rb4 b5 45. Nc5 Rxc5 0-1

[Event "Havana Fernandez Memorial 10th"]
[Site "Havana"]
[Date "2017.03.15"]
[Round "1"]
[White "Soto Hernandez, Henry"]
[Black "Jaquez, Juan Manuel"]
[Result "1-0"]
[WhiteElo "2434"]
[BlackElo "2256"]
[PlyCount "91"]
[EventDate "2017.03.15"]
[EventType "tourn"]
[EventRounds "9"]
[EventCountry "CUB"]
[EventCategory "4"]
[SourceTitle "CBM 177 Extra"]
[Source "ChessBase"]
[SourceDate "2017.04.27"]
[SourceVersion "1"]
[SourceVersionDate "2017.04.27"]
[SourceQuality "1"]

1. d4 Nf6 2. c4 e6 3. g3 d5 4. Nf3 c6 5. Qc2 Nbd7 6. Bg2 Bb4+ 7. Nbd2 Ne4 8. a3 Nxd2 9. Bxd2 Bxd2+ 10. Nxd2 0-0 11. 0-0 Qe7 12. Rfd1 Nf6 13. Rac1 g6 14. Nf3 Ne4 15. Ne5 f6 16. Nd3 Nd6 17. b3 Bd7 18. a4 a5 19. Nb2 Be8 20. c5 Nf7 21. e4 Rd8 22. Qc3 Qc7 23. Rd2 Bd7 24. Re1 Rfe8 25. Rde2 Kg7 26. Nd3 g5 27. e5 f5 28. Rb2 Ra8 29. Bf3 Rh8 30. Bh5 Nd8 31. Qc1 h6 32. h4 Nf7 33. Bxf7 Kxf7 34. hxg5 Rag8 35. gxh6 Rg6 36. Kg2 Rgxh6 37. Qg5 Rg6 38. Qe3 Rgh6 39. Rbb1 Qd8 40. Rh1 Rxh1 41. Rxh1 Rxh1 42. Kxh1 Qh8+ 43. Kg2 Qh5 44. Qf3 Qg5 45. Nf4 Ke7 46. Qc3 1-0

[Event "Santo Domingo Duarte Memorial 6th"]
[Site "Santo Domingo"]
[Date "2017.02.04"]
[Round "6"]
[White "Arvelo Leo, Gian Carlo"]
[Black "Jaquez, Juan Manuel"]
[Result "0-1"]
[WhiteElo "2172"]
[BlackElo "2223"]
[PlyCount "126"]
[EventDate "2017.01.27"]
[EventType "swiss"]
[EventRounds "8"]
[EventCountry "DOM"]
[SourceTitle "CBM 176 Extra"]
[Source "ChessBase"]
[SourceDate "2017.03.02"]
[SourceVersion "1"]
[SourceVersionDate "2017.03.02"]
[SourceQuality "1"]

1. c4 Nf6 2. g3 e5 3. Bg2 d5 4. cxd5 Nxd5 5. Nc3 Nb6 6. Nf3 Nc6 7. 0-0 Be7 8. d3 0-0 9. a3 Be6 10. b4 a5 11. b5 Nd4 12. Nxd4 exd4 13. Nb1 Bd5 14. Nd2 a4 15. Bb2 Bxg2 16. Kxg2 Ra5 17. Nf3 Bf6 18. e3 dxe3 19. Bxf6 Qxf6 20. fxe3 Rxb5 21. e4 Rd8 22. Rc1 Rb2+ 23. Kh1 Qe7 24. Rc3 c6 25. Qc1 Rb3 26. Nd2 Rb5 27. Qc2 h6 28. Nf3 f5 29. Nh4 fxe4 30. dxe4 Re8 31. Nf5 Qe5 32. Qa2+ Kh7 33. Re3 Rf8 34. Qe2 Rb3 35. Rff3 g6 36. Rxb3 axb3 37. Rxb3 gxf5 38. Rxb6 Rf7 39. Rb4 Re7 40. Qe3 fxe4 41. Rc4 Qf5 42. Kg2 Kg7 43. Rc5 Qf6 44. Rc4 Qe5 45. Rc5 Qb2+ 46. Kh3 Qf6 47. Kg2 b6 48. Rc4 Qe6 49. Qc3+ Qf6 50. Qxf6+ Kxf6 51. Rxc6+ Ke5 52. Rxb6 Ra7 53. Rb5+ Kd4 54. Rb4+ Ke3 55. Rb3+ Kd2 56. Rb4 e3 57. a4 e2 58. Rb2+ Kd3 59. Rb1 Kc2 60. Ra1 Rxa4 61. Re1 Kd2 62. Kf2 Re4 63. h3 Re8 0-1

[Event "Santo Domingo Duarte Memorial 6th"]
[Site "Santo Domingo"]
[Date "2017.02.03"]
[Round "5"]
[White "Jaquez, Juan Manuel"]
[Black "Franco Rodriguez, Andres Avelino"]
[Result "1-0"]
[WhiteElo "2223"]
[BlackElo "2032"]
[PlyCount "57"]
[EventDate "2017.01.27"]
[EventType "swiss"]
[EventRounds "8"]
[EventCountry "DOM"]
[SourceTitle "CBM 176 Extra"]
[Source "ChessBase"]
[SourceDate "2017.03.02"]
[SourceVersion "1"]
[SourceVersionDate "2017.03.02"]
[SourceQuality "1"]

1. e4 c5 2. Nf3 Nc6 3. d4 cxd4 4. Nxd4 Nf6 5. Nc3 d6 6. Bc4 Qa5 7. 0-0 Qc5 8. Bb5 Bd7 9. Nb3 Qb6 10. Be3 Qc7 11. Be2 g6 12. Nd5 Nxd5 13. exd5 Ne5 14. Bd4 f6 15. f4 Nf7 16. Rf3 Bg7 17. Re3 Qd8 18. Bd3 Nh6 19. Qe2 Kf7 20. h3 Re8 21. Re1 Rc8 22. g4 Ng8 23. Qf2 b6 24. Qh4 h6 25. f5 g5 26. Qh5+ Kf8 27. Bc3 Rc7 28. Nd4 e5 29. fxe6 1-0

[Event "Santo Domingo Duarte Memorial 6th"]
[Site "Santo Domingo"]
[Date "2017.01.28"]
[Round "3"]
[White "Araujo Sanchez, Josue"]
[Black "Jaquez, Juan Manuel"]
[Result "0-1"]
[WhiteElo "1978"]
[BlackElo "2223"]
[PlyCount "84"]
[EventDate "2017.01.27"]
[EventType "swiss"]
[EventRounds "8"]
[EventCountry "DOM"]
[SourceTitle "CBM 176 Extra"]
[Source "ChessBase"]
[SourceDate "2017.03.02"]
[SourceVersion "1"]
[SourceVersionDate "2017.03.02"]
[SourceQuality "1"]

1. e4 e6 2. d3 d5 3. Nd2 Ne7 4. Ngf3 g6 5. g3 Bg7 6. Bg2 c5 7. 0-0 Nbc6 8. Re1 0-0 9. e5 Qc7 10. Qe2 f6 11. exf6 Bxf6 12. Nb3 Qb6 13. Bg5 Bd7 14. Bxf6 Rxf6 15. Qe3 d4 16. Qe2 Raf8 17. Rf1 a5 18. Rab1 Nb4 19. a3 Nbd5 20. Nbd2 Nf5 21. Ne5 Qc7 22. Rbe1 Bc8 23. h4 Nde3 24. Ng4 Nxg4 25. Qxg4 Nd6 26. Qe2 a4 27. Bh3 b5 28. Qe5 Qb6 29. b3 Kg7 30. Re2 Nf7 31. Qe4 Bb7 32. Qg4 h5 33. Qxe6 Rxe6 34. Bxe6 Qc6 35. f3 Qd6 36. Bxf7 Rxf7 37. Kf2 axb3 38. cxb3 Qd5 39. Re4 Qf5 40. Re2 Bxf3 41. Ke1 Qxd3 42. Re5 Bg4 0-1